Preparacion y evaluacion de proyectos / (Registro nro. 29262)
[ vista simple ]
| 000 -LÍDER | |
|---|---|
| fixed length control field | 00632nam a22002177a 4500 |
| 003 - IDENTIFICADOR DEL NÚMERO DE CONTROL | |
| control field | ITZ |
| 005 - FECHA Y HORA DE LA ULTIMA TRANSACCIÓN | |
| Campo de control | 20240202120536.0 |
| 008 - ELEMENTOS DE LONGITUD FIJA -- INFORMACIÓN GENERAL | |
| fixed length control field | 240202b |||||||| |||| 00| 0 spa d |
| 020 ## - NÚMERO INTERNACIONAL NORMALIZADO PARA LIBROS | |
| ISBN | 978-607-15-1144-7 |
| 035 ## - Número de ficha (Janium) | |
| Número de ficha (Janium) | 17647 |
| 041 ## - CÓDIGO DE IDIOMA | |
| Código de idioma para texto/pista de sonido o título separado | spa |
| 050 ## - SIGNATURA TOPOGRAFICA DE LA BIBLIOTECA DEL CONGRESO (LC) | |
| Número de Clasificación | T56.8 |
| Cutter | S24 2014 |
| 082 ## - NUMERO DE CLASIFICACION DECIMAL DEWEY | |
| Número de Clasificación | 658.404 |
| Cutter | S726p 2014 |
| 100 1# - ASIENTO PRINCIPAL--NOMBRE PERSONAL | |
| Nombre personal | Spag Chain, Nassir |
| 245 ## - TÍTULO | |
| Título | Preparacion y evaluacion de proyectos / |
| Mención de responsabilidad, etc. | Nassir Spag Chain |
| 250 ## - MENCIÓN DE EDICIÓN | |
| Mención de edición | 6 |
| 260 ## - PUBLICACIÓN, DISTRIBUCIÓN, ETC. (PIE DE IMPRENTA) | |
| Lugar de publicación, distribución, etc. | Mexico: |
| Nombre del editor, distribuidor, etc. | Mc Graw Hill |
| Fecha de publicación, distribución, etc. | 2014 |
| 300 ## - DESCRIPCIÓN FÍSICA | |
| Extensión | xl, 345 p. |
| Otros detalles físicos | il. / |
| Dimensiones | 27 cm |
| 650 ## - ASIENTO SECUNDARIO DE MATERIA - TERMINO TEMÁTICO | |
| Término temático o nombre geográfico como elemento de entrada | 1. PROYECTOS DE DESARROLLO ECONOMICO-EVALUACION \ 2. INVERSIONES DE CAPITAL-EVALUACION |
| 942 ## - TIPO DE MATERIAL (KOHA) | |
| Koha item type | Libros |
| No. biblioteca | No. biblioteca | Número de clasificación | Código de barras/Número de adquisición | Número de copia | Tipo de material | Otras carreras |
|---|---|---|---|---|---|---|
| INGENIERÍA EN ADMINISTRACIÓN | AREA DE ADMINISTRACIÓN | 658.404 S726p 2014 | 54572 | 1 | Libros | LUIS G. INCLAN |
| INGENIERÍA EN ADMINISTRACIÓN | AREA DE ADMINISTRACIÓN | 658.404 S726p 2014 | 54573 | 2 | Libros | LUIS G. INCLAN |
